[Event "ROM-ch"]
[Site "Sarata Monteoru"]
[Date "2012.02.20"]
[Round "10"]
[White "Mardan, Cristian"]
[Black "Moldoveanu, Paul"]
[Result "0-1"]
[WhiteElo "1556"]
[BlackElo "1859"]
[PlyCount "100"]
[EventDate "2012.02.13"]
[EventType "swiss"]
[EventRounds "11"]
[EventCountry "ROU"]
[SourceTitle "CBM 147 Extra"]
[Source "ChessBase"]
[SourceDate "2012.04.24"]
[SourceVersion "1"]
[SourceVersionDate "2012.04.24"]
[SourceQuality "1"]

1. e4 e5 2. Nf3 Nc6 3. Bc4 d6 4. Nc3 Be7 5. d3 Na5 6. Bb3 c6 7. Be3 Nxb3 8. axb3 Bg4 9. h3 Bh5 10. d4 Bxf3 11. Qxf3 exd4 12. Bxd4 Bf6 13. Bxf6 Qxf6 14. Qxf6 Nxf6 15. 0-0 0-0-0 16. Rad1 Rhe8 17. Rfe1 Kc7 18. f3 a5 19. Ra1 Ra8 20. Kf2 b6 21. g3 Nd7 22. Re2 f6 23. Rd2 Nc5 24. Rad1 Nb7 25. Nb1 Re5 26. Rd3 Rae8 27. Nd2 b5 28. Nb1 f5 29. Nd2 Nc5 30. Rd4 fxe4 31. Nxe4 Nxe4+ 32. fxe4 R8e6 33. Kf3 Rf6+ 34. Kg2 c5 35. R4d2 Rxe4 36. Ra1 Kb6 37. Rad1 Kc6 38. Ra1 a4 39. bxa4 Rxa4 40. Rxa4 bxa4 41. Re2 Rf7 42. Re4 Ra7 43. Re3 Rb7 44. b3 a3 45. Re1 Ra7 46. Ra1 Kd5 47. Rd1+ Ke5 48. Re1+ Kd4 49. Ra1 a2 50. Kf3 Kc3 0-1